000 00476nam a2200157Ia 4500
008 100204s9999 xx 000 0 und d
082 _b11756
100 _aगावस्कर सुनिल
245 _aसनी डेज
260 _b"उत्कर्ष प्रकाशन, पुणे"
_c1984 3
300 _a280
630 _aसनी डेज
700 _aपंडित बाळ ज.
730 _aसनी डेज
942 _cBOOK
999 _c456168
_d456165